Statistics for Members of Ace of Angels (Kpop)

Click here to take the quiz!

General Stats

  • This quiz has been taken 41 times
  • The average score is 6 of 8

Answer Stats

Answer % Correct
Jimin
96%
Choa
91%
Seolhyun
87%
Chanmi
87%
Mina
83%
Yuna
78%
Hyejeong
70%
Youkyoung
17%

Score Distribution

Percentile by Number Answered

Percent of People with Each Score

Your Score History

You have not taken this quiz